000 01635naa a22004097a 4500
001 BR8107997
003 BR-BrBNA
005 20240918175057.0
007 ta
008 230509b bl.||||| |||| 00| 0 por d
040 _aBR-BrBNA
_bpor
_cBiblioteca Nacional de Agricultura
041 _a(Pt)
072 _aH70
_b0150
_b1410
_b0120
_b3575
_b4020
_b3877
090 _aH70 BR8107997
100 1 _aCicero, S.M.
111 1 _a1. Simposio sobre o Combate das Pragas dos Graos Armazenados
_cPorto Alegre, RS (Brazil)
_d30 Sep - 2 Oct 1981
245 1 _aEfeitos do expurgo com produtos a base de fosfina sobre a qualidade das sementes de arroz (Oryza sativa L.)feijao (Phaseolus vulgaris L.)e milho (Zea mays L.)[inseto, inseticida, controle quimico]
260 3 _aPorto Alegre, RS (Brasil):
_c1981.
500 _aBernardo, C.S.; Figueiredo, C.E.N., Rebello, J.C. (eds.) Anais do 1. Simposio sobre o Combate das Pragas dos Graos Armazenados Porto Alegre, RS (Brasil): 1981. p. 153-165 (BR8107997-AM)H70
650 _aARROZ
650 _aFEIJAO
650 _aMILHO
650 _aSEMENTE
650 _aARMAZENAMENTO
650 _aINSETO
650 _aINFESTACAO
650 _aFOSFINA
650 _aFUMIGANTE
650 _aEXPURGO
650 _aTRATAMENTO
650 _aEFEITO RESIDUAL
650 _aTESTE DE VIGOR
650 _aPODER GERMINATIVO
773 0 _tAnais do 1. Simposio sobre o Combate das Pragas dos Graos Armazenados
_aBernardo, C.S.; Figueiredo, C.E.N., Rebello, J.C. (eds.)
_wH70 BR8107997
_gPorto Alegre, RS (Brasil), 1981. p. 153-165
909 _a202404
_bLucia
_c55
_dLucia Elande
942 _cAM
_2AGRIS
999 _c314887
_d314887